000 00580nam a22001817a 4500
005 20231214073950.0
008 231214b |||||||| |||| 00| 0 eng d
020 _a9781485135289
041 _aEnglish
082 _a342 HOE
100 _aHoexter, C and Penfold, G
_lEnglish
245 _aAdministrative Law in South Africa /
_cC Hoexter and G Penfold
250 _aThird Edition
260 _aCape Town :
_bJuta and Company (Pty) Ltd,
_c2021
300 _bix, 979 pages ;
_c25,5 cm.
650 _aLegal practice
_bLaw
942 _cBK
_6ALISON_BN_VRIES
999 _c1198
_d1198